Представление документа в формате MARC21

Поле Инд. ПП Название Значение
Тип записи a
Библиографический уровень a
001 Контрольный номер 720a92e13676455b8eb60515ab8fd9af
005 Дата корректировки 20260423083648.5
020 a ISBN 978-5-907919-723
040 a Служба первич. каталог. НБ ТвГУ
b Код языка каталог. rus
e Правила каталог. PSBO
041 0_ a Код языка текста rus
097 b Оператор Komarova.ES
100 1_ a Автор Манина Ирина Ивановна
q Полное имя Манина И. И.
245 10 a Заглавие Региональная идентичность: литература за пределами города. Проблема дискурсивного конструирования и художественная репрезентация
246 00 a Другая форма заглавия Проблема дискурсивного конструирования и художественная репрезентация
260 a Место издания Москва
b Издательство Московский союз литераторов
504 a Библиография Библиогр. в подстроч. примеч.
520 0_ a Аннотация В статье рассматривается феномен региональной идентичности как ключевой категории современного литературного процесса. В противовес центростремительной модели русской культуры, в XXI веке формируется корпус текстов, авторы которых сознательно отказываются от столичной «легитимации» в пользу осмысления локальной специфики. В работе применяются структурно-семиотический и компаративный методы. Установлено, что региональная идентичность конструируется через систему топонимов, репрезентацию локальных промыслов и диалектную речь. Делается вывод о том, что «литература за пределами города» перестает быть маргинальным явлением и становится самостоятельным эстетическим вектором, формирующим национальную картину мира.
653 0_ a Ключевые слова Национальная картина мира
a Ключевые слова Региональная идентичность
a Ключевые слова Локальный текст
a Ключевые слова Дискурсивное конструирование
a Ключевые слова Литературное краеведение
700 12 a Другие авторы Медведева Веста Владимировна
q Полное имя Медведева В. В.
773 18 w Контрольный № источника b6c41c0621c24b1a8844e5348daa290e
t Название источника IV международная научно-практическая конференция "Русский язык и литература в современном мире: как сохранить национальный культурный код"
d Место и дата издания Москва : Московский союз литераторов, 2026
g Прочая информация С. 67-76
901 t Тип документа a
920 a Оператор Кома
954 b Дата поступления в ОК 20260423